les Pays Insulaires - Statistiques

Statistiques générales
  • Ce quiz a été pris 348 fois
  • Le résultat moyen est 41 sur 47
Statistiques - réponses
Réponse % Correct
Malte
96%
Cap Vert
95%
Islande
95%
Seychelles
95%
Chypre
94%
Madagascar
94%
Irlande
93%
Japon
93%
Nouvelle-Zélande
93%
Barbade
92%
Comores
92%
Cuba
92%
Indonésie
92%
Sainte-Lucie
91%
Sao Tomé-et-Principe
91%
Maurice
90%
Royaume-Uni
90%
Saint-Christophe-et-Niévès
90%
Saint-Vincent-et-les-Grenadines
90%
Antigua-et-Barbuda
89%
Haïti
89%
Sri Lanka
89%
Bahamas
88%
Dominique
88%
Jamaïque
88%
République Dominicaine
88%
Tonga
88%
Tuvalu
88%
Maldives
87%
Trinité-et-Tobago
87%
Vanuatu
87%
Fidji
85%
Grenade
85%
Micronésie
85%
Nauru
85%
Îles Marshall
84%
Philippines
84%
Samoa
84%
Palaos
81%
Îles Salomon
80%
Taïwan
80%
Kiribati
79%
Singapour
78%
Papouasie-Nouvelle-Guinée
77%
Timor Oriental
74%
Brunei
71%
Bahreïn
61%
Aucun quiz correspondant
Distribution des résultats
% des personnes avec chaque résultat
Percentile par nombre de réponses
Votre historique - résultats
Vous n’avez pas pris ce quiz